000 00374nam a2200157Ia 4500
003 Ost
005 20260225132542.0
008 260225s9999||||xx |||||||||||||| ||und||
040 _cfsic
041 _afre
082 _a440
100 _aAngèle Kremer-Marieti
_eAuteur
245 0 _aLe concept de science positive /
245 0 _cAngèle Kremer-Marieti
942 _cكتاب
999 _c33600
_d33600